[Event "Druzynowe Mistrzostwa Polski Juniorow - II liga"]
[Site "Sypniewo k. Jastowia"]
[Date "2024-06-17"]
[Round "9.24"]
[White "Popczynska, Michalina"]
[Black "Wawrzyniak, Aleksandra"]
[Result "1-0"]
[WhiteTitle "I"]
[BlackTitle "II"]
[WhiteElo "1857"]
[BlackElo "1495"]

1. e4 e5 2. Nf3 Nc6 3. Bb5 Nge7 4. O-O g6 5. d3 Bg7 6. c3 d6 7. Re1 O-O 8. Be3
a6 9. Ba4 Kh8 10. Bb3 Na5 11. Bc2 f5 12. b4 Nac6 13. h3 f4 14. Bd2 Ng8 15. Bb3
Nf6 16. Na3 Qe7 17. Rc1 Bd7 18. Nc2 Nd8 19. Qe2 Nf7 20. a4 Be6 21. Bxe6 Qxe6 22.
c4 Qd7 23. Ra1 b5 24. cxb5 axb5 25. a5 Rfc8 26. Ra3 Qe7 27. d4 c6 28. dxe5 dxe5
29. Bc3 Nd7 30. Rd1 Nb8 31. Be1 Na6 32. Rad3 Rd8 33. Bc3 Nd6 34. Qd2 Nb7 35. Rd7
Rxd7 36. Qxd7 Qxd7 37. Rxd7 Rb8 38. Bxe5 Bxe5 39. Nxe5 Nd8 40. Ra7 Nxb4 41. Nxb4
c5 42. Na6 Rc8 43. Rc7 Ra8 44. Nxc5 b4 45. a6 b3 46. Nxb3 Rb8 47. a7 Ra8 48. Nf7+
Nxf7 49. Rxf7 Kg8 50. Rb7 Kh8 51. Rb8+ Rxb8 52. axb8=Q+ Kg7 53. Qxf4 Kg8 54. Qc7
1-0

[Event "Druzynowe Mistrzostwa Polski Juniorow - II liga"]
[Site "Sypniewo k. Jastowia"]
[Date "2024-06-17"]
[Round "9.25"]
[White "Podgorski, Jakub"]
[Black "Przybylski, Bartosz"]
[Result "0-1"]
[WhiteTitle "II"]
[BlackTitle "k"]
[WhiteElo "1685"]
[BlackElo "2085"]

1. d4 Nf6 2. Bg5 c5 3. d5 g6 4. Bxf6 exf6 5. c4 Bg7 6. Nc3 O-O 7. g3 d6 8. Bg2
Qa5 9. Qd2 a6 10. Rc1 b5 11. cxb5 axb5 12. a3 Re8 13. Ne4 Qb6 14. Qf4 Qa5+ 15.
Qd2 Qd8 16. Nc3 Ba6 17. e3 Nd7 18. Nf3 b4 19. axb4 cxb4 20. Ne2 Nc5 21. Rxc5 dxc5
22. O-O f5 23. Rc1 Bxe2 24. Qxe2 Ra2 25. Rxc5 Rxb2 26. Qc4 b3 27. Nd4 Bxd4 28.
Qxd4 Rb1+ 29. Bf1 Qb8 30. Qd3 Ra1 31. Rb5 b2 32. Rxb8 Rxb8 0-1

[Event "Druzynowe Mistrzostwa Polski Juniorow - II liga"]
[Site "Sypniewo k. Jastowia"]
[Date "2024-06-17"]
[Round "9.26"]
[White "Polak, Aleksander"]
[Black "Klisowski, Bartosz"]
[Result "1/2-1/2"]
[WhiteTitle "II"]
[BlackTitle "I+"]
[WhiteElo "1554"]
[BlackElo "1864"]

1. Nf3 Nf6 2. b3 d5 3. Bb2 g6 4. e3 Bg7 5. c4 O-O 6. Be2 c6 7. Qc2 a5 8. O-O Na6
9. d4 Bf5 10. Qc1 Qb8 11. a3 Rc8 12. c5 Nd7 13. Nbd2 b6 14. cxb6 Qxb6 15. Qd1
Rab8 16. Rc1 Qa7 17. Nh4 Be6 18. Bd3 c5 19. Bxa6 Qxa6 20. Ba1 cxd4 21. Bxd4 Rxc1
22. Qxc1 Bxd4 23. exd4 Rc8 24. Qb1 Rc3 25. Rc1 Qc8 26. Rxc3 Qxc3 27. Nhf3 Bf5
28. Qe1 e6 29. h3 h5 30. Kh2 Qc7+ 31. Kg1 Qc3 32. Kh2 Qc7+ 33. Kg1 Qc2 34. Kh2
a4 35. Qe3 Qc7+ 36. g3 axb3 37. Qxb3 Nb6 38. Qb4 1/2-1/2

[Event "Druzynowe Mistrzostwa Polski Juniorow - II liga"]
[Site "Sypniewo k. Jastowia"]
[Date "2024-06-17"]
[Round "9.27"]
[White "Kiszkiel, Oskar"]
[Black "Kosecki, Kacper"]
[Result "1-0"]
[WhiteTitle "I"]
[BlackTitle "III"]
[WhiteElo "1741"]
[BlackElo "1444"]

1. e4 c5 2. Nf3 d6 3. d4 cxd4 4. Nxd4 Nf6 5. f3 e6 6. c4 Be7 7. Nc3 O-O 8. Be3
Nc6 9. Qd2 d5 10. Rd1 dxe4 11. fxe4 Nxd4 12. Qxd4 Qxd4 13. Bxd4 b6 14. e5 Nd7
15. Ne4 Bb7 16. Nd6 Bc6 17. b4 Ba4 18. Rd3 a5 19. c5 bxc5 20. bxc5 Bc6 21. Rd2
Rab8 22. Bd3 Ra8 23. O-O a4 24. Bc4 Rab8 25. a3 h6 26. Rdf2 f6 27. Bxe6+ Kh8 28.
Bxd7 Bxd7 29. exf6 Bxf6 30. Bxf6 Rxf6 31. Rxf6 gxf6 32. Rxf6 Rb3 33. Rf8+ Kg7
34. Rf7+ Kg8 35. Rxd7 Rxa3 36. c6 Rc3 37. c7 a3 38. c8=Q+ Rxc8 39. Nxc8 a2 40.
Ra7 1-0

[Event "Druzynowe Mistrzostwa Polski Juniorow - II liga"]
[Site "Sypniewo k. Jastowia"]
[Date "2024-06-17"]
[Round "9.29"]
[White "Gajec, Roza"]
[Black "Sliwicka, Weronika"]
[Result "1/2-1/2"]
[WhiteTitle "I"]
[BlackTitle "I"]
[WhiteElo "1771"]
[BlackElo "1795"]

1. e4 e5 2. Nf3 Nc6 3. Bb5 a6 4. Ba4 d6 5. h3 Bd7 6. O-O g6 7. c3 Bg7 8. d3 Nge7
9. Be3 O-O 10. Nbd2 Kh8 11. Re1 f5 12. exf5 Nxf5 13. Bg5 Bf6 14. Bxf6+ Qxf6 15.
Ne4 Qg7 16. Bb3 Rae8 17. Qd2 Nd8 18. Kh2 Be6 19. Bc2 Bd5 20. Rf1 Ne6 21. Bb3 Bxb3
22. axb3 h6 23. Ng3 Nxg3 24. fxg3 Nc5 25. Qc2 Rf6 26. b4 Nd7 27. Nh4 Ref8 28.
Qe2 Kh7 29. Rxf6 Rxf6 30. Rf1 Rxf1 31. Qxf1 Qf6 32. Qf3 c6 33. Kg1 Kg7 34. Kf2
Qe6 35. g4 Qe7 36. g3 Qg5 37. Qe3 Qxe3+ 38. Kxe3 Kf6 39. Nf3 g5 40. Nd2 d5 41.
Nb3 b6 42. Nd2 Nf8 43. c4 Ne6 44. Nf3 Nf8 45. Nd2 Ne6 1/2-1/2

[Event "Druzynowe Mistrzostwa Polski Juniorow - II liga"]
[Site "Sypniewo k. Jastowia"]
[Date "2024-06-17"]
[Round "9.31"]
[White "Stepinski, Piotr"]
[Black "Lechowski, Witold"]
[Result "0-1"]
[WhiteTitle "I+"]
[BlackTitle "I+"]
[WhiteElo "1925"]
[BlackElo "2014"]

1. e4 c5 2. Nf3 d6 3. Bb5+ Nd7 4. a4 Ngf6 5. Nc3 g6 6. a5 a6 7. Bc4 h6 8. O-O Bg7
9. d3 O-O 10. h3 b5 11. axb6 Nxb6 12. Bb3 Bb7 13. Be3 Qc7 14. Qd2 Kh7 15. Na4
Nxa4 16. Rxa4 e5 17. Nh2 Nh5 18. Ng4 f5 19. exf5 gxf5 20. Nh2 f4 21. Qe2 Qc6 22.
Re4 Nf6 23. Bd2 Nxe4 24. dxe4 Qxe4 25. Qg4 Qg6 26. Ba5 Qxg4 27. Nxg4 h5 28. Nh2
e4 29. Rd1 Be5 30. Nf1 Rf6 31. c4 Rg6 32. Be1 Rag8 33. g3 Bd4 34. Kh2 fxg3+ 35.
fxg3 Rf6 36. Nd2 e3 37. Bc2+ Kh8 38. Ne4 Re6 39. Nc3 Rf8 40. Nd5 e2 41. Rb1 Rf1
42. Bd3 Re3 43. Bc2 Re5 44. Bd3 Bg1+ 45. Kg2 Rxd5 46. Be4 Rd1 47. Bc3+ Bd4 0-1

[Event "Druzynowe Mistrzostwa Polski Juniorow - II liga"]
[Site "Sypniewo k. Jastowia"]
[Date "2024-06-17"]
[Round "9.32"]
[White "Czak, Dominik"]
[Black "Gawlik, Olivier"]
[Result "1/2-1/2"]
[WhiteTitle "I"]
[BlackTitle "I"]
[WhiteElo "1739"]
[BlackElo "1765"]

1. d4 Nf6 2. Nf3 e6 3. g3 b6 4. Bg2 Bb7 5. c4 Bb4+ 6. Bd2 a5 7. O-O O-O 8. Nc3
d5 9. Ne5 Nbd7 10. Bg5 Be7 11. Nxd7 Qxd7 12. cxd5 Nxd5 13. Bxe7 Nxc3 14. bxc3
Bxg2 15. Kxg2 Qxe7 16. Qd3 Rfd8 17. a4 Qd6 18. Rfd1 Rd7 19. Rd2 Rad8 20. Qe4 h6
21. Rad1 Qd5 22. Qxd5 exd5 23. f3 Rd6 24. e4 Rc6 25. Rd3 Rc4 26. Ra1 dxe4 27.
fxe4 c5 28. d5 Rxe4 29. Kf3 f5 30. d6 Re6 31. Rad1 Rd7 32. g4 fxg4+ 33. Kxg4 Kf7
34. Kf5 g6+ 35. Kf4 Ke8 36. h4 Rf7+ 37. Kg3 Kd7 38. Rb1 Kc6 39. d7 Rxd7 40. Rxb6+
Kxb6 41. Rxd7 Re3+ 42. Kf2 Rh3 43. Rd6+ Kb7 44. Rxg6 Rxh4 45. Ke3 h5 46. Rh6 Kc7
47. Kd3 Rxa4 48. Rxh5 Kc6 49. Rh8 Rg4 50. Kc2 Kb5 51. Kb3 a4+ 52. Ka3 Rg3 53.
Rb8+ Kc4 54. Kxa4 Rxc3 55. Rb1 Rc2 56. Ka3 Kd3 57. Rd1+ Rd2 58. Rh1 Kc3 59. Rc1+
Rc2 60. Rh1 Rd2 61. Rc1+ Kd4 62. Kb3 Rd3+ 63. Kb2 c4 64. Rh1 c3+ 65. Kb3 Re3 66.
Rd1+ Rd3 67. Rh1 Re3 68. Rd1+ Ke4 69. Rc1 c2+ 1/2-1/2

[Event "Druzynowe Mistrzostwa Polski Juniorow - II liga"]
[Site "Sypniewo k. Jastowia"]
[Date "2024-06-17"]
[Round "9.33"]
[White "Haladaj, Adam"]
[Black "Pelczarski, Wojciech"]
[Result "1/2-1/2"]
[WhiteTitle "I"]
[BlackTitle "II+"]
[WhiteElo "1873"]
[BlackElo "1663"]

1. Nf3 Nf6 2. c4 e6 3. g3 d5 4. Bg2 Be7 5. O-O dxc4 6. Qa4+ Nbd7 7. Qxc4 c6 8.
b3 O-O 9. Bb2 Qc7 10. d3 b5 11. Qc2 Bb7 12. Nc3 a6 13. Rac1 Rac8 14. Nd1 Rfe8
15. Ne3 h6 16. Rfd1 Qb8 17. Qd2 c5 18. Rc2 Nb6 19. Rdc1 Nbd5 20. Be5 Bd6 21. Nxd5
Nxd5 22. Bxd6 Qxd6 23. d4 cxd4 24. Rxc8 Rxc8 25. Rxc8+ Bxc8 26. Qxd4 Qc7 27. h3
Nc3 28. Qd2 Bb7 29. Ne1 Bxg2 30. Nxg2 b4 31. Ne3 a5 32. Nc4 a4 33. e3 a3 34. h4
h5 35. Kg2 e5 36. f3 g6 37. e4 Kh7 38. Ne3 Qa7 39. Nd5 Qc5 40. Nf6+ Kg7 41. Nxh5+
gxh5 42. Qg5+ 1/2-1/2

[Event "Druzynowe Mistrzostwa Polski Juniorow - II liga"]
[Site "Sypniewo k. Jastowia"]
[Date "2024-06-17"]
[Round "9.34"]
[White "Sonibare, Antoni"]
[Black "Szymczyk, Jan"]
[Result "1/2-1/2"]
[WhiteTitle "II"]
[BlackTitle "II"]
[WhiteElo "1539"]
[BlackElo "1520"]

1. d4 Nf6 2. c4 g6 3. Nc3 Bg7 4. Nf3 O-O 5. e4 d6 6. h3 e5 7. Be3 Re8 8. d5 a5
9. Qd2 Na6 10. Bd3 Nd7 11. Bh6 Nac5 12. Bc2 Nf6 13. O-O-O Bd7 14. g4 Qb8 15. Nh4
b5 16. cxb5 Bxb5 17. Bxg7 Kxg7 18. Qg5 Bd7 19. Nf5+ Bxf5 20. gxf5 Qd8 21. Rdg1
Kh8 22. fxg6 fxg6 23. Qh6 Rg8 24. f4 exf4 25. Qxf4 Nh5 26. Qh6 Qf6 27. Rf1 Qg7
28. Qe3 Rge8 29. Rf3 Rf8 30. Rhf1 Rxf3 31. Qxf3 Kg8 32. e5 Rf8 33. Qxf8+ Qxf8
34. Rxf8+ Kxf8 35. exd6 cxd6 36. Ne4 Nxe4 37. Bxe4 Nf4 38. h4 Ke7 39. Kc2 Kd7
40. Kc3 Kc7 41. Kd4 h6 42. Ke3 g5 43. hxg5 hxg5 44. Bf3 Kb6 45. Kd4 Kb5 46. a3
Ng6 47. b3 Ne5 48. Be2+ Kb6 49. b4 axb4 50. axb4 g4 51. Ke4 g3 52. Bf1 g2 53.
Bxg2 Kb5 54. Kf5 Kxb4 55. Ke6 Kc5 56. Be4 Nc4 57. Bh1 Na3 58. Bg2 Nb5 59. Kd7
Nd4 1/2-1/2

[Event "Druzynowe Mistrzostwa Polski Juniorow - II liga"]
[Site "Sypniewo k. Jastowia"]
[Date "2024-06-17"]
[Round "9.36"]
[White "Lechowska, Liliana"]
[Black "Grad, Barbara"]
[Result "0-1"]
[WhiteTitle "II"]
[BlackTitle "II"]
[WhiteElo "1558"]
[BlackElo "1509"]

1. Nf3 Nf6 2. b3 g6 3. Bb2 Bg7 4. g3 O-O 5. Bg2 Nc6 6. c4 d5 7. d3 dxc4 8. dxc4
Qxd1+ 9. Kxd1 Rd8+ 10. Ke1 Nb4 11. Na3 Bf5 12. Nd4 Be4 13. f3 Bc6 14. Bc3 Na6
15. Nxc6 bxc6 16. Kf2 Ne4+ 17. fxe4 Bxc3 18. Rad1 Nb4 19. Rhf1 Bd4+ 20. e3 Bc5
21. e5 Nd3+ 22. Ke2 Nxe5 23. Nc2 Rab8 24. b4 Bxb4 25. Nxb4 Rxd1 26. Rxd1 Rxb4
27. c5 Rc4 28. Rb1 Rxc5 29. Rb7 Rc2+ 30. Kf1 Rxa2 31. Rxc7 e6 32. Bxc6 Nxc6 33.
Rxc6 a5 34. Rc8+ Kg7 35. Ra8 a4 36. Ke1 a3 37. Kd1 Ra1+ 38. Kc2 Ra2+ 39. Kb3 Rxh2
40. Rxa3 f5 41. Kc4 Rh3 42. g4 Rh4 43. Kc5 Rxg4 44. Kd6 Kf6 45. Ra6 Rg1 46. Kd7
Rd1+ 47. Ke8 h5 48. Ra7 e5 49. Rc7 e4 50. Rc6+ Kg7 51. Rc7+ Kh6 52. Kf7 h4 53.
Rc6 Rd7+ 54. Ke6 Rh7 55. Ke5 Kg5 56. Rc1 Re7+ 57. Kd5 Re8 58. Rg1+ Kh5 59. Rc1
g5 60. Rf1 g4 61. Rxf5+ Kg6 62. Rf4 Kg5 63. Rf2 h3 64. Rh2 Kh4 65. Kd4 Kg3 66.
Rh1 h2 67. Rf1 Kg2 68. Rd1 Rd8+ 69. Kxe4 Rxd1 70. Kf4 g3 71. e4 h1=Q 72. e5 Re1
73. Kf5 Qh5+ 74. Kf6 Rxe5 75. Kg7 Qg5+ 76. Kf7 Qf4+ 77. Kg7 Rg5+ 78. Kh7 Qh4#
0-1

[Event "Druzynowe Mistrzostwa Polski Juniorow - II liga"]
[Site "Sypniewo k. Jastowia"]
[Date "2024-06-17"]
[Round "9.37"]
[White "Paprocki, Antoni"]
[Black "Nowicki, Bartosz"]
[Result "1-0"]
[WhiteTitle "k"]
[BlackTitle "II+"]
[WhiteElo "2164"]
[BlackElo "1854"]

1. d4 Nf6 2. c4 e6 3. Nf3 d5 4. g3 dxc4 5. Bg2 c5 6. O-O Nc6 7. Ne5 Bd7 8. Nxc4
Be7 9. dxc5 Bxc5 10. Nd6+ Bxd6 11. Qxd6 Qe7 12. Qc7 O-O 13. Qxb7 Rab8 14. Qc7
Rfc8 15. Qf4 e5 16. Qd2 Nd4 17. Nc3 Bf5 18. e4 Bh3 19. f3 Be6 20. Qf2 Bc4 21.
Rd1 a6 22. Be3 Ne6 23. Nd5 Bxd5 24. exd5 Nf8 25. Rd2 Rd8 26. Rad1 N8d7 27. d6
Qe6 28. b3 Ne8 29. Bf1 Ndf6 30. Bc4 Qd7 31. Bc5 Qc6 32. b4 Rd7 33. Qe2 a5 34.
a3 e4 35. fxe4 Qxe4 36. Qxe4 Nxe4 37. Rd4 Nc3 38. Re1 Nf6 39. bxa5 Rc8 40. Bb4
Nce4 41. Rdxe4 Nxe4 42. Rxe4 Rb8 43. Bb5 1-0

[Event "Druzynowe Mistrzostwa Polski Juniorow - II liga"]
[Site "Sypniewo k. Jastowia"]
[Date "2024-06-17"]
[Round "9.38"]
[White "Garwacki, Kornel"]
[Black "Herka, Jakub"]
[Result "1-0"]
[WhiteTitle "I"]
[BlackTitle "I"]
[WhiteElo "1844"]
[BlackElo "1796"]

1. e4 c6 2. d4 d5 3. Nc3 dxe4 4. Nxe4 Bf5 5. Ng3 Bg6 6. N1e2 Nd7 7. Nf4 e5 8. dxe5
Nxe5 9. Qe2 Qe7 10. Be3 Nf6 11. O-O-O Neg4 12. Re1 Nxe3 13. Qxe3 Qxe3+ 14. Rxe3+
Kd7 15. Bc4 Bc5 16. Rd1+ Kc7 17. Re2 Ng4 18. Nxg6 hxg6 19. Ne4 Be7 20. h3 Ne5
21. Bb3 f5 22. Nd2 Bf6 23. Rde1 Rhf8 24. Rxe5 Bxe5 25. Rxe5 Rae8 26. Nf3 g5 27.
Rxe8 Rxe8 28. Nxg5 Re2 29. Ne6+ Kd6 30. Nxg7 Rxf2 31. g3 Ke5 32. Nh5 Rh2 33. h4
Ke4 34. c3 Ke3 35. Bd1 Kf2 36. Bc2 f4 37. Nxf4 Kxg3 38. Ng6 Kf3 39. b3 Ke3 40.
Kb2 Kd2 41. b4 Rh3 42. c4 Rc3 43. Bb3 Rg3 44. Ne5 Re3 45. Nf7 Rh3 46. Nd8 b5 47.
Nxc6 bxc4 48. Bxc4 Rxh4 49. Kb3 Rh3+ 50. Ka4 Kc3 51. Na5 Rh4 52. a3 Kb2 53. Bb5
Rh3 54. Nc4+ Kc3 55. Ka5 Rh6 56. a4 Rh1 57. Ne5 a6 58. Bc6 Rh5 59. Kxa6 Kxb4 60.
Nd3+ Ka3 61. a5 Rh3 62. Nc5 Kb4 63. Kb6 Rc3 64. Nb7 Ra3 65. a6 Ra1 66. a7 Ra2
67. Nd8 Rxa7 68. Kxa7 Kc5 69. Kb7 Kd6 70. Kb6 Ke7 71. Nb7 Ke6 72. Kc5 Ke5 73.
Bd5 Kf6 74. Kd6 Kf5 75. Nc5 Kf6 76. Be6 Kg5 77. Ke5 Kg6 78. Ne4 Kg7 79. Kf5 Kh7
80. Nd6 Kg7 81. Nc4 Kh7 82. Ne5 Kg7 83. Ng6 Kh6 84. Kf6 Kh7 85. Bd5 Kh6 86. Bg8
Kh5 87. Ne5 Kh4 88. Kf5 Kg3 89. Ng4 Kf3 90. Bc4 Kg3 91. Be2 Kh4 92. Kf4 Kh5 93.
Bd3 Kh4 94. Bg6 Kh3 95. Ne3 Kh4 96. Ng2+ Kh3 97. Kf3 Kh2 98. Kf2 Kh3 99. Bf5+
Kh2 100. Ne3 Kh1 101. Bd7 Kh2 102. Nf1+ Kh1 103. Bc6# 1-0

[Event "Druzynowe Mistrzostwa Polski Juniorow - II liga"]
[Site "Sypniewo k. Jastowia"]
[Date "2024-06-17"]
[Round "9.39"]
[White "Bednarek, Jan"]
[Black "Nowicki, Franciszek"]
[Result "1/2-1/2"]
[WhiteTitle "I"]
[BlackTitle "II"]
[WhiteElo "1786"]
[BlackElo "1758"]

1. e4 d5 2. exd5 Nf6 3. c4 c6 4. dxc6 Nxc6 5. Nf3 Bg4 6. Be2 e5 7. d3 Bc5 8. O-O
O-O 9. Nc3 h6 10. Ne4 b6 11. Nxc5 bxc5 12. Be3 Qe7 13. Nd2 Bxe2 14. Qxe2 Rfd8
15. a3 Rab8 16. Ne4 Nd4 17. Bxd4 Rxd4 18. Nxf6+ Qxf6 19. b4 cxb4 20. axb4 Rxb4
21. Rxa7 Rb3 22. Rd1 Qf5 23. h3 Rbxd3 24. Rxd3 Rxd3 25. Ra5 f6 26. f4 Qd7 27.
Ra8+ Kf7 28. Kh2 Qf5 29. Ra7+ Kg8 30. fxe5 Qxe5+ 31. Qxe5 fxe5 32. Re7 Rc3 33.
Rxe5 Rxc4 34. Re7 Kh7 35. Re6 Rc3 36. h4 h5 37. Re5 Kh6 38. Re6+ Kh7 39. Re2 Rc4
40. g3 Rc6 41. Kh3 g6 42. Re5 Rc2 43. Re6 Kh6 44. Re7 Ra2 1/2-1/2

[Event "Druzynowe Mistrzostwa Polski Juniorow - II liga"]
[Site "Sypniewo k. Jastowia"]
[Date "2024-06-17"]
[Round "9.40"]
[White "Kurczewski, Borys"]
[Black "Zawisza, Alan"]
[Result "1/2-1/2"]
[WhiteTitle "II"]
[BlackTitle "II"]
[WhiteElo "1508"]
[BlackElo "1755"]

1. e4 c5 2. Nf3 d6 3. Bb5+ Nd7 4. c4 Ngf6 5. Nc3 g6 6. d4 cxd4 7. Nxd4 Bg7 8. O-O
O-O 9. Bxd7 Nxd7 10. b3 Nc5 11. Be3 Qd7 12. Rc1 b6 13. Qd2 Bb7 14. f3 h5 15. Bh6
h4 16. Bxg7 Kxg7 17. Nf5+ gxf5 18. Qg5+ Kh7 19. Qh5+ Kg7 20. Qg5+ Kh7 21. Qh5+
Kg7 22. Qg5+ Kh7 1/2-1/2

[Event "Druzynowe Mistrzostwa Polski Juniorow - II liga"]
[Site "Sypniewo k. Jastowia"]
[Date "2024-06-17"]
[Round "9.41"]
[White "Michniak, Julia"]
[Black "Michalska, Anna-maria"]
[Result "0-1"]
[WhiteTitle "I"]
[BlackTitle "I"]
[WhiteElo "1509"]
[BlackElo "1607"]

1. e4 c6 2. Nf3 d5 3. d3 Bg4 4. h3 Bh5 5. g4 Bg6 6. Qe2 e6 7. h4 h6 8. Ne5 Bh7
9. g5 dxe4 10. g6 fxg6 11. Qg4 Qa5+ 12. Nc3 Qxe5 13. Bf4 Qf5 14. Qg3 Nd7 15. Bh3
Qf7 16. Nxe4 Ngf6 17. Nd6+ Bxd6 18. Bxd6 Nh5 19. Qe3 e5 20. Bxd7+ Kxd7 21. Ba3
Nf6 22. Qc5 Qe6 23. O-O-O Rhe8 24. d4 Kc7 25. Rhe1 Qd5 26. dxe5 Qxc5 27. Bxc5
Nd5 28. c4 Nf4 29. Bd6+ Kb6 30. c5+ Ka6 31. Re3 b6 32. cxb6 axb6 33. e6 Nxe6 34.
Be5 Rad8 35. Rxd8 Rxd8 36. Ra3+ Kb7 37. Rf3 Rd7 38. Re3 0-1

[Event "Druzynowe Mistrzostwa Polski Juniorow - II liga"]
[Site "Sypniewo k. Jastowia"]
[Date "2024-06-17"]
[Round "9.43"]
[White "Stupak, Bartosz"]
[Black "Siwek, Leon"]
[Result "1/2-1/2"]
[WhiteTitle "III"]
[BlackTitle "II"]
[WhiteElo "1431"]
[BlackElo "1602"]

1. e4 d5 2. exd5 Qxd5 3. Nc3 Qa5 4. d4 Nf6 5. Bd2 c6 6. Nf3 Bf5 7. Bc4 e6 8. Ne4
Qc7 9. Nxf6+ gxf6 10. h3 Rg8 11. Rg1 Bd6 12. g4 Be4 13. Bb3 Nd7 14. Qe2 Bxf3 15.
Qxf3 O-O-O 16. O-O-O Kb8 17. Kb1 c5 18. dxc5 Bxc5 19. Bc3 Be7 20. Rge1 Rc8 21.
Rd4 Ne5 22. Qe2 Bc5 23. Rd2 Rgd8 24. Red1 Be7 25. f4 Nc6 26. Qf2 Bb4 27. Bxb4
Nxb4 28. c3 Na6 29. f5 e5 30. Qe2 Nc5 31. Rxd8 Rxd8 32. Rxd8+ Qxd8 33. Bxf7 Ne4
34. Bb3 1/2-1/2

[Event "Druzynowe Mistrzostwa Polski Juniorow - II liga"]
[Site "Sypniewo k. Jastowia"]
[Date "2024-06-17"]
[Round "9.44"]
[White "Broszkiewicz, Stanislaw"]
[Black "Businski, Jan"]
[Result "0-1"]
[WhiteTitle "II+"]
[BlackTitle "II"]
[WhiteElo "1700"]
[BlackElo "1633"]

1. d4 Nf6 2. c4 e6 3. Nf3 b6 4. a3 Bb7 5. Nc3 d5 6. cxd5 Nxd5 7. e3 Be7 8. Bb5+
c6 9. Bd3 O-O 10. e4 Nf6 11. e5 Nd5 12. h4 h6 13. Rh3 Kh8 14. Bxh6 f5 15. Ng5
Nf4 16. Nf7+ Rxf7 17. Bxf4 Qxd4 18. g3 g6 19. Qd2 Rh7 20. Rd1 b5 21. Kf1 Na6 22.
Qe2 Qb6 23. g4 Nc5 24. Bc2 b4 25. gxf5 gxf5 26. axb4 Ba6 27. b5 cxb5 28. Qf3 b4+
29. Ne2 Bb7 30. Qe3 Qc6 31. Rh2 Rxh4 32. Rxh4+ Bxh4 33. Qh3 Qh1+ 34. Qxh1 Bxh1
35. Be3 Rc8 36. Nf4 Bg5 37. Rd6 Bxf4 38. Bxf4 Nb7 39. Rd2 Bf3 40. Kg1 Rc4 41.
Bg3 b3 42. Bd1 Rc1 43. Kf1 Rxd1+ 44. Rxd1 Bxd1 0-1

[Event "Druzynowe Mistrzostwa Polski Juniorow - II liga"]
[Site "Sypniewo k. Jastowia"]
[Date "2024-06-17"]
[Round "9.45"]
[White "Pieszko, Antoni"]
[Black "Wojciechowski, Szymon"]
[Result "1-0"]
[WhiteTitle "II+"]
[BlackTitle "I"]
[WhiteElo "1596"]
[BlackElo "1837"]

1. c4 e5 2. g3 h5 3. Bg2 h4 4. Nc3 Nc6 5. d3 Nf6 6. Bg5 hxg3 7. hxg3 Rxh1 8. Bxh1
Be7 9. Nf3 d6 10. Qd2 Be6 11. O-O-O Qd7 12. Kb1 O-O-O 13. Bg2 Bh3 14. Bxh3 Qxh3
15. Nd5 Qe6 16. Bxf6 Bxf6 17. e4 Kb8 18. Rh1 Ne7 19. Ng5 Qg4 20. Nxf6 gxf6 21.
Nxf7 Rc8 22. Qd1 Qxd1+ 23. Rxd1 Rf8 24. Nh6 Rh8 25. Ng4 f5 26. Ne3 fxe4 27. dxe4
Rf8 28. Rd2 Kc8 29. Kc1 Kd7 30. Kd1 Ke6 31. Ke2 Rh8 32. f4 exf4 33. gxf4 Rh2+
34. Kd3 Rxd2+ 35. Kxd2 c6 36. Ng4 Nc8 37. Kd3 a6 38. b4 b6 39. f5+ Kf7 40. Kd4
Ne7 41. c5 dxc5+ 42. bxc5 b5 43. Kc3 a5 44. Kd4 Kf8 45. Ne5 Kg7 46. Ng4 Kf8 47.
Ne3 Kf7 48. e5 Ng8 49. Ng4 Ke7 50. e6 Nf6 51. Ne5 Ne8 52. Nxc6+ Kf6 53. Ke4 a4
54. Nb4 a3 55. c6 Nc7 56. Nd5+ Nxd5 57. Kxd5 b4 58. c7 b3 59. axb3 a2 60. c8=Q
a1=Q 61. Qh8+ 1-0

[Event "Druzynowe Mistrzostwa Polski Juniorow - II liga"]
[Site "Sypniewo k. Jastowia"]
[Date "2024-06-17"]
[Round "9.46"]
[White "Sniedziewski, Emil"]
[Black "Toczylowski, Mateusz"]
[Result "1-0"]
[WhiteTitle "II+"]
[BlackTitle "II"]
[WhiteElo "1838"]
[BlackElo "1458"]

1. e4 c5 2. c3 Nf6 3. e5 Nd5 4. d4 cxd4 5. cxd4 d6 6. Nf3 e6 7. a3 Be7 8. Bd3 O-O
9. O-O Bd7 10. Qe2 Nc6 11. Qe4 f5 12. exf6 Nxf6 13. Qe2 Qb6 14. Rd1 Rac8 15. Nc3
Na5 16. Rb1 Nb3 17. Bg5 h6 18. Bh4 Kh8 19. Bc2 Bc6 20. d5 Bd7 21. dxe6 Bc6 22.
Qd3 Bxf3 23. Bxf6 1-0

[Event "Druzynowe Mistrzostwa Polski Juniorow - II liga"]
[Site "Sypniewo k. Jastowia"]
[Date "2024-06-17"]
[Round "9.48"]
[White "Kaczmarczyk, Dominika"]
[Black "Galinska, Pola"]
[Result "1/2-1/2"]
[WhiteTitle "II"]
[BlackTitle "II+"]
[WhiteElo "1407"]
[BlackElo "1568"]

1. e4 c5 2. c3 Nf6 3. e5 Nd5 4. d4 cxd4 5. cxd4 e6 6. Nf3 d6 7. Bc4 Nc6 8. O-O
Be7 9. Qe2 O-O 10. Qe4 dxe5 11. dxe5 Nb6 12. Bd3 g6 13. Bh6 Re8 14. Nc3 Nb4 15.
Bb5 Bd7 16. Qxb7 Bxb5 17. Nxb5 N6d5 18. Nc3 Bc5 19. Nxd5 Nxd5 20. Qb3 Rb8 21.
Qc2 Qb6 22. b3 Rec8 23. Qe4 Qa5 24. Qh4 Rb4 25. Qh3 Nf4 26. Bxf4 Rxf4 27. Qh6
Qb4 28. a3 Qe4 29. Rae1 Qf5 30. Ng5 Rd8 31. Qxh7+ Kf8 32. Nh3 Rg4 33. b4 Bb6 34.
Qh6+ Kg8 35. Kh1 Rxg2 36. Kxg2 Qg4+ 37. Kh1 Qf3+ 38. Kg1 Qg4+ 39. Kh1 Qf3+ 40.
Kg1 Qg4+ 1/2-1/2

[Event "Druzynowe Mistrzostwa Polski Juniorow - II liga"]
[Site "Sypniewo k. Jastowia"]
[Date "2024-06-17"]
[Round "9.49"]
[White "Panasiuk, Piotr"]
[Black "Semenowicz, Julian"]
[Result "0-1"]
[WhiteTitle "II"]
[BlackTitle "II"]
[WhiteElo "1517"]
[BlackElo "1632"]

1. Nf3 Nf6 2. d4 d5 3. e3 c6 4. c4 a6 5. a4 a5 6. Nc3 e6 7. Be2 Na6 8. O-O Be7
9. Re1 Nb4 10. Bf1 O-O 11. e4 dxe4 12. Nxe4 Nxe4 13. Rxe4 Qc7 14. Bd2 Rd8 15.
Bc3 b6 16. Bxb4 Bxb4 17. Qc2 c5 18. Rh4 h6 19. Rd1 Bb7 20. Be2 Qe7 21. Rh3 cxd4
22. Nxd4 Qf6 23. Nb5 Rxd1+ 24. Bxd1 Rd8 25. b3 Rd2 26. Qb1 Qxf2+ 0-1

[Event "Druzynowe Mistrzostwa Polski Juniorow - II liga"]
[Site "Sypniewo k. Jastowia"]
[Date "2024-06-17"]
[Round "9.50"]
[White "Rygiel, Kacper"]
[Black "Tanski, Wojciech"]
[Result "1/2-1/2"]
[WhiteTitle "II"]
[BlackTitle "III"]
[WhiteElo "1563"]
[BlackElo "1441"]

1. c4 c5 2. Nc3 Nf6 3. g3 Nc6 4. Bg2 e6 5. e3 Be7 6. Nge2 d5 7. cxd5 Nxd5 8. Nxd5
exd5 9. h3 d4 10. d3 O-O 11. O-O Be6 12. e4 Rc8 13. f4 f6 14. f5 Bf7 15. h4 Bd6
16. Bf4 Bxf4 17. gxf4 Re8 18. Bf3 Qb6 19. b4 Nxb4 20. a3 Nc6 21. Rb1 Qa6 22. a4
Nb4 23. Nc1 b5 24. axb5 Qxb5 25. Qd2 Rb8 26. Kh1 Kh8 27. h5 h6 28. Rg1 Rg8 29.
Rg3 Nc6 30. Qe2 Rbe8 31. Qg2 Nb4 32. Ne2 Qxd3 33. Rg1 Qb3 34. e5 fxe5 35. fxe5
Bd5 36. Nf4 Bxf3 37. Rxf3 Qf7 38. e6 Qf6 39. Ng6+ Kh7 40. e7 Nd5 41. Nf8+ Rgxf8
42. exf8=Q Rxf8 43. Qc2 Qh4+ 44. Qh2 Qxh2+ 45. Kxh2 Ne3 46. Ra1 Rxf5 47. Rxf5
Nxf5 48. Rxa7 d3 49. Rd7 c4 50. Kg1 Ng3 51. Kf2 Nxh5 52. Rd4 Nf6 53. Rxc4 Kg6
54. Ke3 Kh5 55. Kxd3 g5 56. Ke2 g4 57. Kf2 Kg5 58. Kg3 Nh5+ 59. Kh2 Nf6 60. Kg3
Kf5 61. Rf4+ 1/2-1/2

[Event "Druzynowe Mistrzostwa Polski Juniorow - II liga"]
[Site "Sypniewo k. Jastowia"]
[Date "2024-06-17"]
[Round "9.51"]
[White "Kopacki, Aleksander"]
[Black "Owczarek, Marcin"]
[Result "1/2-1/2"]
[WhiteTitle "I"]
[BlackTitle "II"]
[WhiteElo "1782"]
[BlackElo "1690"]

1. d4 Nf6 2. c4 b6 3. Nc3 Bb7 4. Qc2 e6 5. Bf4 Bb4 6. f3 d5 7. a3 Bxc3+ 8. Qxc3
O-O 9. c5 Nc6 10. b4 a6 11. e3 b5 12. Bd3 Re8 13. Ne2 Nh5 14. Qc2 Nxf4 15. exf4
f5 16. Kf2 Qf6 17. Qc3 Ra7 18. a4 Rea8 19. axb5 axb5 20. Bxb5 Rxa1 21. Rxa1 Rxa1
22. Qxa1 Nxb4 23. Qa7 Bc6 24. Qxc7 Bxb5 25. Qb8+ Kf7 26. Qxb5 Nc2 27. Qb2 Qh4+
28. Ng3 Qxf4 29. Qxc2 Qxd4+ 30. Ke2 Qe5+ 31. Kd3 f4 32. Nf1 Qe1 33. c6 Qxf1+ 34.
Kd4 Qg1+ 35. Ke5 Ke7 36. Kxf4 Qxh2+ 37. Ke3 Qe5+ 38. Kf2 Qd4+ 39. Kg3 Qc4 40.
Qxh7 Qxc6 41. Qxg7+ Kd6 42. Qf8+ Kc7 43. Qe7+ Kb6 44. Qb4+ Kc7 45. Qe7+ Kc8 46.
Qf8+ 1/2-1/2